| 000 | 00368nam a2200145Ia 4500 | ||
|---|---|---|---|
| 008 | 230312s9999||||xx |||||||||||||| ||und|| | ||
| 020 | _a978-053463544-X | ||
| 082 |
_a613 _bHOE-F |
||
| 100 | _aHoeger;Werner.w.k | ||
| 245 | 0 | _aFitness and Wellness | |
| 260 |
_bThomson Wadsworth _aUSA _c2005 |
||
| 300 | _a274 | ||
| 650 |
_aPhysioTherapy _vHealth/Fitness |
||
| 942 | _cBK | ||
| 999 |
_c14274 _d14274 |
||